|
|
|
|
| LEADER |
00000naa2a2200000 4500 |
| 001 |
611363 |
| 005 |
20231101132643.0 |
| 035 |
|
|
|a (RuTPU)RU\TPU\conf\9114
|
| 035 |
|
|
|a RU\TPU\conf\9113
|
| 090 |
|
|
|a 611363
|
| 100 |
|
|
|a 20150310d2012 k y0rusy50 ca
|
| 101 |
0 |
|
|a rus
|d eng
|
| 102 |
|
|
|a RU
|
| 105 |
|
|
|a y z 100zy
|
| 135 |
|
|
|a drcn ---uucaa
|
| 181 |
|
0 |
|a i
|
| 182 |
|
0 |
|a b
|
| 200 |
1 |
|
|a Фазочастотные алгоритмы прослеживания сейсмических сигналов на основе функции группового запаздывания с управляемой протяженностью функции
|f В. В. Медведев, В. П. Иванченков
|
| 203 |
|
|
|a Текст
|c электронный
|
| 215 |
|
|
|a 1 файл (467 Кб)
|
| 225 |
1 |
|
|a Математическое моделирование и технологии высокопроизводительных вычислений
|
| 230 |
|
|
|a Электронные текстовые данные (1 файл : 467 Кб)
|
| 300 |
|
|
|a Заглавие с титульного листа.
|
| 320 |
|
|
|a [Библиогр.: с. 93 (2 назв.)]
|
| 330 |
|
|
|a The phase-frequency tracking algorithm based on the functions of group delay with a controlled length of the quality function was realized on a computer. The noise immunity of the algorithm was investigated for different values of its parameters. The results showed the reliability of the algorithm at a high level of noise.
|
| 337 |
|
|
|a Adobe Reader
|
| 463 |
|
1 |
|0 (RuTPU)RU\TPU\conf\61
|t Технологии Microsoft в теории и практике программирования
|o сборник трудов IX Всероссийской научно-практической конференции студентов, аспирантов и молодых ученых, 21-22 марта 2012 г., г.Томск
|f Национальный исследовательский Томский политехнический университет (ТПУ), Институт кибернетики ; отв. ред. А. Р. Вахитов
|v [С. 91-93]
|d 2012
|
| 610 |
1 |
|
|a электронный ресурс
|
| 610 |
1 |
|
|a труды учёных ТПУ
|
| 610 |
1 |
|
|a фазочастотные алгоритмы
|
| 610 |
1 |
|
|a сейсмические сигналы
|
| 610 |
1 |
|
|a групповое запаздывание
|
| 610 |
1 |
|
|a функция качества
|
| 610 |
1 |
|
|a помехоустойчивость
|
| 610 |
1 |
|
|a сейсмотрассы
|
| 700 |
|
1 |
|a Медведев
|b В. В.
|
| 701 |
|
1 |
|a Иванченков
|b В. П.
|c специалист в области информатики и вычислительной техники, геофизик
|c доцент Томского политехнического университета, кандидат технических наук
|f 1939-
|g Виктор Павлович
|2 stltpush
|3 (RuTPU)RU\TPU\pers\25396
|
| 712 |
0 |
2 |
|a Национальный исследовательский Томский политехнический университет (ТПУ)
|b Институт кибернетики (ИК)
|b Кафедра прикладной математики (ПМ)
|h 130
|2 stltpush
|3 (RuTPU)RU\TPU\col\18700
|
| 801 |
|
2 |
|a RU
|b 63413507
|c 20150310
|g RCR
|
| 856 |
4 |
|
|u http://www.lib.tpu.ru/fulltext/c/2012/C28/032.pdf
|
| 942 |
|
|
|c BK
|